000 00604nam a2200241Ia 4500
003 OSt
005 20221005085731.0
006 a|||||r|||| 00| 0
007 ta
008 221004b |||||||| |||| 00| 0 eng d
024 _a31448
037 _cTextual
040 _aCRL
_cCRL
_beng
041 _2eng
_aeng
082 _a4, M5
100 _aWard Hiley H
245 0 _aProfessional news writing
260 _aNew York
_bHarccurt Brace Jevancvich
_c1985
300 _a615p
_ccm.
650 _aJOUNRALISM
_93876
942 _h4, M5
_cTEXL
_2cc
999 _c994713
_d994713